| 000 | 00956nam a2200265 a 4500 | ||
|---|---|---|---|
| 003 | Ost | ||
| 005 | 20210519090647.0 | ||
| 008 | 190322s2020 dr r 000 0 spa d | ||
| 020 | _a9789945503814 | ||
| 040 |
_aBPMSU _bspa _cBPMSU |
||
| 082 |
_a987.04 _bB742B _222 |
||
| 100 | 1 |
_aBosch, Juan, _d1909-2001 _91 |
|
| 245 | 1 | 0 |
_aBolívar y la guerra social /. _cJuan Bosch; prólogo Matías Bosch |
| 260 |
_aSanto Domingo : _bMinisterio de Cultura < _bEditora Nacional, _c2020 |
||
| 300 |
_a203 p. ; _c20 cm. |
||
| 490 | 0 |
_a Biblioteca dominicana básica ; _aEnsayo, _v25 |
|
| 500 | _3Incluye referencias biográficas del autor en la solapa de la cubierta | ||
| 590 | _6Inventariado, 2021/VM | ||
| 600 | 4 |
_aBolívar, Simón, _d1783-1830 |
|
| 651 | 4 |
_aVenezuela _xHistoria _yGuerra de Independencia, 1810-1823 |
|
| 700 | 1 |
_aBosch, Matías _epról. |
|
| 710 | 2 | _aMinisterio de Cultura (República Dominicana) | |
| 910 | _aVMateo | ||
| 942 |
_2ddc _cBK |
||
| 999 |
_c13514 _d13514 |
||